000 00460nmm a2200145Ia 4500
008 251105s9999||||xx |||||||||||||||||und||
041 _aspa
100 _aFernando Ruiz-García
245 0 _aAntoñita y el risco :
_b Cartas de amor y de guerra
264 _a[Madrid, España] :
_bEditorial Club Universitario: ECU,
_c2017
300 _a79 páginas
650 _aSpanish narrative
856 _uhttps://public.digitaliapublishing.com/a/171561
942 _cCF
999 _c106332
_d106332